000 00459nam a2200181Ia 4500
005 20250603145711.0
008 250603s9999 xx 000 0 und d
020 _a9789785338775
050 _aDT 515.63 .S43/
100 _aEdited by Hussaina Abdu & Chigozirim Okoro
245 0 _aSecurity and governance in north-east Nigeria
260 _aAbuja
260 _bCLEAN Foundation
260 _c2016
300 _a260 p
650 _aAbuja
942 _cBK
999 _c42600
_d42600